| 000 | 00558nam a2200205Ia 4500 | ||
|---|---|---|---|
| 005 | 20250508165504.0 | ||
| 008 | 008 250505s9999 xx 000 0 hin d | ||
| 020 | _a978-81-8457-575-0 | ||
| 037 | _aTextual | ||
| 040 |
_aFEDL _beng _cFEDL |
||
| 041 |
_ahin _2eng |
||
| 084 |
_a371.39, GAR _qFEDL |
||
| 100 |
_aGarg O P _9264872 |
||
| 245 | 0 | _aAadhunik shaishik takneekee | |
| 260 |
_aJaipur, India _bAavishkar Publishers _c2007 |
||
| 300 | _avi, 170p. | ||
| 365 |
_aINR _b400 |
||
| 942 |
_cTEXL _h371.39, GAR |
||
| 999 |
_c1395392 _d1395392 |
||